Miasta Górnego Śląska - Statystyki

Ogólne statystyki
  • Ten quiz został rozwiązany 66 razy
  • Średni wynik to 19 z 100
Statystyki odpowiedzi
Ludność Miasto % Poprawnych
279 190 Katowice
100%
169 915 Gliwice
84%
100 593 Chorzów
77%
122 045 Tychy
73%
153 838 Zabrze
71%
147 759 Bytom
66%
130 887 Rybnik
63%
130 302 Ruda
61%
165 766 Bielsko-Biała
54%
61 774 Żory
52%
49 650 Racibórz
46%
45 434 Świętochłowice
46%
44 833 Wodzisław
43%
32 947 Cieszyn
41%
41 618 Mikołów
41%
63 401 Siemianowice
41%
61 321 Tarnowskie Góry
41%
51 707 Piekary
39%
25 031 Pszczyna
39%
82 301 Jastrzębie-Zdrój
38%
71 280 Mysłowice
34%
10 637 Wisła
34%
34 783 Czechowice-Dziedzice
30%
126 077 Opole
30%
15 853 Ustroń
29%
35 619 Knurów
27%
16 034 Radzionków
27%
54 387 Kędzierzyn-Koźle
23%
21 116 Łaziska Górne
23%
23 347 Lubliniec
23%
21 986 Orzesze
21%
284 765 Ostrawa
21%
18 835 Bieruń
20%
16 333 Lędziny
20%
17 236 Pyskowice
20%
20 168 Rydułtowy
20%
26 522 Czerwionka-Leszczyny
16%
13 423 Skoczów
16%
16 975 Strzelce
16%
55 600 Opawa
14%
18 974 Prudnik
14%
1958 Sośnicowice
14%
3489 Toszek
14%
9398 Imielin
13%
4598 Kuźnia Raciborska
13%
6961 Miasteczko
13%
16 829 Radlin
13%
23 282 Czeski Cieszyn
11%
53 938 Frýdek-Místek
11%
8170 Kalety
11%
9047 Olesno
11%
2256 Biała
9%
11 651 Głubczyce
9%
15 282 Krapkowice
9%
13 007 Pszów
9%
20 519 Bohumín
7%
69 694 Hawierzów
7%
5675 Jabłonków
5%
49 724 Karwina
5%
22 716 Krnov
5%
2000 Krzanowice
5%
7962 Ozimek
5%
3558 Strumień
5%
34 266 Trzyniec
5%
4121 Woźniki
5%
2823 Baborów
4%
3447 Dobrodzień
4%
5445 Głogówek
4%
6418 Gogolin
4%
2420 Gorzów
4%
1689 Korfantów
4%
5853 Niemodlin
4%
6585 Szonów
4%
1818 Ujazd
4%
15 244 Bruntál
2%
13 421 Hlučín
2%
4536 Klimkovice
2%
3207 Kolonowskie
2%
6655 Krawôrz
2%
2546 Leśnica
2%
27 794 Orłowa
2%
2552 Prószków
2%
7783 Rychwałd
2%
1510 Strzeleczki
2%
9309 Studénka
2%
3622 Tułowice
2%
6358 Zawadzkie
2%
10 157 Zdzieszowice
2%
378 Andělská Hora
0%
7401 Bílovec
0%
3892 Dolní Benešov
0%
9923 Frydlant nad Ostrawicą
0%
2214 Horní Benešov
0%
5485 Hradec nad Moravicí
0%
3415 Město Albrechtice
0%
7343 Odry
0%
7407 Pietwałd
0%
7360 Racimów
0%
5641 Vítkov
0%
4752 Vrbno pod Pradědem
0%
Nie znaleziono quizów pasujących do podanych kryteriów
Rozkład punktacji
Procent ludzi z każdym wynikiem
Percentyl według liczby udzielonych odpowiedzi
Twoja historia wyników
Nie rozwiązałeś tego quizu